Data communications and networking / (Record no. 26164)
[ view plain ]
| 000 -LEADER | |
|---|---|
| fixed length control field | 01001cam a22002895a 4500 |
| 001 - CONTROL NUMBER | |
| control field | 013436555 |
| 003 - CONTROL NUMBER IDENTIFIER | |
| control field | OSt |
| 005 - DATE AND TIME OF LATEST TRANSACTION | |
| control field | 20201128024243.0 |
| 008 - FIXED-LENGTH DATA ELEMENTS--GENERAL INFORMATION | |
| fixed length control field | 060116s2007 xxua b 001 0 eng |
| 020 ## - INTERNATIONAL STANDARD BOOK NUMBER | |
| International Standard Book Number | 9780071254427 |
| 020 ## - INTERNATIONAL STANDARD BOOK NUMBER | |
| International Standard Book Number | 0071254420 |
| 040 ## - CATALOGING SOURCE | |
| Original cataloging agency | StDuBDS |
| Language of cataloging | eng |
| Transcribing agency | StDuBDS |
| Modifying agency | Uk |
| -- | EG-ScBUE |
| 082 04 - DEWEY DECIMAL CLASSIFICATION NUMBER | |
| Edition number | 22 |
| Classification number | 004.6 |
| Item number | FOR |
| 100 1# - MAIN ENTRY--PERSONAL NAME | |
| Personal name | Forouzan, Behrouz A. |
| 9 (RLIN) | 11540 |
| 245 10 - TITLE STATEMENT | |
| Title | Data communications and networking / |
| Statement of responsibility, etc | Behrouz A. Forouzan with Sophia Chung Fegan. |
| 250 ## - EDITION STATEMENT | |
| Edition statement | 4th ed., International ed. |
| 260 ## - PUBLICATION, DISTRIBUTION, ETC. (IMPRINT) | |
| Place of publication, distribution, etc | Boston ; |
| -- | London : |
| Name of publisher, distributor, etc | McGraw-Hill Higher Education, |
| Date of publication, distribution, etc | 2007. |
| 300 ## - PHYSICAL DESCRIPTION | |
| Extent | xxxiv, 1134 p. : |
| Other physical details | ill. ; |
| Dimensions | 24 cm. |
| 490 0# - Series Statement | |
| Series statement | McGraw-Hill Forouzan networking series |
| 504 ## - BIBLIOGRAPHY, ETC. NOTE | |
| Bibliography, etc | Includes bibliographical references and index. |
| 650 #7 - SUBJECT ADDED ENTRY--TOPICAL TERM | |
| Topical term or geographic name as entry element | Data transmission systems. |
| Source of heading or term | BUEsh |
| 9 (RLIN) | 8864 |
| 650 #7 - SUBJECT ADDED ENTRY--TOPICAL TERM | |
| Topical term or geographic name as entry element | Computer networks. |
| Source of heading or term | BUEsh |
| 9 (RLIN) | 1660 |
| 653 ## - INDEX TERM--UNCONTROLLED | |
| Resource For college | Informatics and Computer Science |
| -- | Generalities |
| Arrived date list | February2018 |
| 700 1# - ADDED ENTRY--PERSONAL NAME | |
| Personal name | Fegan, Sophia Chung. |
| 830 #0 - SERIES ADDED ENTRY--UNIFORM TITLE | |
| Uniform title | McGraw-Hill Forouzan networking series. |
| 942 ## - ADDED ENTRY ELEMENTS (KOHA) | |
| Source of classification or shelving scheme | Dewey Decimal Classification |
| Withdrawn status | Item status | Source of classification or shelving scheme | Damaged status | Not for loan | Home library | Current library | Shelving location | Date acquired | Total Checkouts | Total Renewals | Full call number | Barcode | Checked out | Date last seen | Date last borrowed | Koha item type |
|---|---|---|---|---|---|---|---|---|---|---|---|---|---|---|---|---|
| Dewey Decimal Classification | Central Library | Central Library | Lower Floor | 25/02/2018 | 4 | 32 | 004.6 FOR | 000047278 | 31/03/2026 | 01/03/2026 | 01/03/2026 | Book - Borrowing |